Movies Quiz

Random Movies or Celebrity Quiz

Clickable Sporcle Quiz Show: Movies Stats

 Plays Quiz Updated Sep 9, 2016

Score 0/30 Timer 07:00
21 Plays Today
% Correct
DICAPRIO
92.1%
THE GOONIES
90.4%
SE7EN
87.9%
HELLO DOLLY
87.5%
CAGE
86.6%
DEAD MAN WALKING
85.9%
PRINCESS BRIDE
85.7%
MILK
84.6%
DE NIRO
84.2%
RESERVOIR DOGS
84.1%
HELLBOY
82.2%
LAZENBY
81.4%
BEAN
80.4%
OTHELLO
80.3%
CARRADINE
79.5%
% Correct
MYSTIC RIVER
78.8%
HELLRAISER
78.2%
BEING JOHN MALKOVICH
78.2%
HOLY GRAIL
78.2%
D'ONOFRIO
77.5%
HARDY
77.2%
GOSLING
77.2%
DRAG ME TO HELL
76.5%
GRAND BUDAPEST
76.3%
JACKSON
75.9%
BROSNAN
72.7%
BALE
72.1%
MOORE
68.2%
CONNERY
64.4%
DALTON
58.7%

You're not logged in!

Compare scores with friends on all Sporcle quizzes.
OR
Log In

You Might Also Like...

Show Comments

Extras

Top Quizzes Today


Score Distribution

Your Account Isn't Verified!

In order to create a playlist on Sporcle, you need to verify the email address you used during registration. Go to your Sporcle Settings to finish the process.

Report this User

Report this user for behavior that violates our Community Guidelines.

Details: